Culture Générale - Série 373 - Statistiques

Statistiques générales
  • Ce quiz a été pris 247 fois
  • Le résultat moyen est 7 sur 10
Statistiques - réponses
Question Réponse % Correct
Avec l'eau, quel est l'ingrédient principal du caramel ? Le sucre
99%
Traditionnellement, dans quelle boisson trempe-t-on le pain pour réaliser du pain perdu ? Le lait
94%
A partir de quel fruit fait-on traditionnellement du calvados ? La pomme
93%
Comment se prénomme la fiancée de Mickey Mouse, le personnage de Walt Disney ? Minnie
93%
Quel insecte lépidoptère donne son nom à l'effet mis en évidence par le météorologue Edward Lorenz ? Le Papillon
73%
Quel chanteur de pop anglaise interprète le tube "Relax, Take It Easy" ? Mika
64%
Complétez ce titre d'un roman de John Le Carré : "L'Espion qui venait du... Froid
63%
Quel est le nom du héros de Jules Verne qui, accompagné de son domestique Passepartout, accomplit le tour du monde en 80 jours ? Phileas Fogg
50%
En 1969, dans quelle comédie musicale Julien Clerc incarne-t-il le personnage de Claude ? Hair
44%
Dans la série des films "La Panthère rose", comment s'appelle le personnage interprété notamment par Peter Sellers ? L'inspecteur Clouseau
17%
Aucun quiz correspondant
Distribution des résultats
% des personnes avec chaque résultat
Percentile par nombre de réponses
Votre historique - résultats
Vous n’avez pas pris ce quiz